घर और बाहर (Record no. 159953)
| 000 -LEADER | |
|---|---|
| fixed length control field | 00545nam a2200181Ia 4500 |
| 003 - CONTROL NUMBER IDENTIFIER | |
| control field | LDD |
| 008 - FIXED-LENGTH DATA ELEMENTS--GENERAL INFORMATION | |
| fixed length control field | 190117s9999 xx 000 0 und d |
| 020 ## - INTERNATIONAL STANDARD BOOK NUMBER | |
| Terms of availability | ₹35 |
| 040 ## - CATALOGING SOURCE | |
| Transcribing agency | LDD |
| 041 ## - LANGUAGE CODE | |
| Language code of text/sound track or separate title | hi |
| 082 ## - DEWEY DECIMAL CLASSIFICATION NUMBER | |
| Classification number | 8B3.5 ठा1204घ |
| 100 ## - MAIN ENTRY--PERSONAL NAME | |
| Personal name | ठाकुर, रवीन्द्रनाथ |
| 245 #0 - TITLE STATEMENT | |
| Title | घर और बाहर |
| Statement of responsibility, etc. | रवीन्द्रनाथ ठाकुर |
| 246 ## - VARYING FORM OF TITLE | |
| Title proper/short title | Ghar aur bahar |
| 260 ## - PUBLICATION, DISTRIBUTION, ETC. | |
| Place of publication, distribution, etc. | दिल्ली |
| Name of publisher, distributor, etc. | सरस्वती विहार |
| Date of publication, distribution, etc. | 1986 |
| 300 ## - PHYSICAL DESCRIPTION | |
| Extent | 190पृ. |
| 942 ## - ADDED ENTRY ELEMENTS (KOHA) | |
| Source of classification or shelving scheme | Dewey Decimal Classification |
| Koha item type | Hindi Books |
| Withdrawn status | Lost status | Source of classification or shelving scheme | Damaged status | Not for loan | Home library | Current library | Date acquired | Total Checkouts | Full call number | Barcode | Date last seen | Price effective from | Koha item type |
|---|---|---|---|---|---|---|---|---|---|---|---|---|---|
| No | Dewey Decimal Classification | Library and Documentation Division | Library and Documentation Division | 01/17/2019 | 8B3.5 ठा1204घ | H000465 | 01/17/2019 | 01/17/2019 | Hindi Books |
